| 000 | 00722nam a2200181 a 4500 | ||
|---|---|---|---|
| 008 | 120416s1995 ||||||||||||||||| || u | ||
| 020 | _a0889367361 | ||
| 050 | _aQ 127.2 Spu | ||
| 100 | _aSpurgeon, David, 1925- | ||
| 245 | 1 | 0 | _aSouthern lights: celebrating the scientific achievements of the developing world |
| 260 |
_aOttawa: _bIDRC _c1995 |
||
| 300 | _aix, 137p. | ||
| 350 | _a0.00 | ||
| 500 | _aIncludes bibliographical references (p. [129]-137). | ||
| 650 | _aDISCOVERIES IN SCIENCE--DEVELOPING COUNTRIES | ||
| 650 | _aTECHNOLOGY--DEVELOPING COUNTRIES | ||
| 995 |
_D0.00 _FCBU-MAIN LIBRARY (Kitwe) _H1 _I25.00 _M1 _UAVAILABLE _ZAnnex Low-Usage Collection |
||
| 999 |
_c58005 _d58005 |
||